Lịch sử tư tưởng chính trị

Đã lưu trong:
Bibliografiske detaljer
Hovedforfatter: HỌC VIỆN CHÍNH TRỊ QUỐC GIA HỒ CHÍ MINH
Format: Bog
Sprog:Undetermined
Udgivet: Hà Nội Chính Trị Quốc Gia 2001
Fag:
Tags: Tilføj Tag
Ingen Tags, Vær først til at tagge denne postø!
Thư viện lưu trữ: Trung tâm Học liệu Trường Đại học Cần Thơ
LEADER 00587nam a2200169Ia 4500
001 CTU_47182
008 210402s9999 xx 000 0 und d
082 |a 320.5 
082 |b H419 
100 |a HỌC VIỆN CHÍNH TRỊ QUỐC GIA HỒ CHÍ MINH 
245 0 |a Lịch sử tư tưởng chính trị 
245 0 |c HỌC VIỆN CHÍNH TRỊ QUỐC GIA HỒ CHÍ MINH 
260 |a Hà Nội 
260 |b Chính Trị Quốc Gia 
260 |c 2001 
650 |a marxism-leninism,political ideologies 
980 |a Trung tâm Học liệu Trường Đại học Cần Thơ